000 00718cab a2200277 4500
001 X1126
008 090401t1993 xxu||||| |||| 00| 0 eng d
035 _a(Sirsi) u14818
041 _aeng
100 _aHill, D.
245 3 _aAn LHS strategy for the future
260 _c1993
350 _a0
490 _aCS Monthly : Land and Hydrographic Survey
_v3(2) October 1993, 2(1)
650 _aEAST THAMES CORRIDOR
650 _aEUROPE
650 _aFIG
650 _aICES
650 _aLAND AND HYDROGRAPHIC SURVEY DIVISION
650 _aRECRUITMENT
650 _aRICS
650 _aSTRATEGIC PLAN
690 _aMANAGEMENT-BUSINESS MANAGEMENT-PROFESSIONAL PRACTICE
942 _n0
948 _c04/03/1997
999 _c9674
_d9674